000 02996cgm a2200733Ka 4500
001 ocn276784785
003 OCoLC
005 20231122132413.0
007 vd cvaizk
008 081201s2009 cau071 j vaeng d
020 _a1435952960
020 _a9781435952966
020 _c9.95
024 1 0 _a043396293946
028 4 2 _a29394
_bSony Pictures Home Entertainment
035 _a(OCoLC)276784785
037 _bMidwest Tape
_nhttp://www.midwesttapes.com
040 _aTEFMT
_cTEFMT
_dBTCTA
_dTEF
_dGK8
_dOJ4
_dWACOL
_e
049 _aWACL
050 1 4 _aPN1992.77
_b.B47 2009
082 0 4 _a791.45/75
_222
092 _aEDVD
_bBer
245 0 0 _aBerenstain Bears: Springtime surprises
246 3 0 _aSpringtime surprises
260 _aCulver City, Calif. :
_bSony Pictures Home Entertainment,
_c[2009]
264 _aCulver City, Calif. :
_bAgogo Entertainment ; Nelvana.
_c[2009]
300 _a1 videodisc (71 min.) :
_bsd., col. ;
_c4 3/4 in.
500 _aTitle from container.
500 _aBased on the characters created by Jan and Stan Berenstain.
505 0 0 _tEaster surprise
_tThe Berenstain Bears save the bees --
_tThe Berenstain Bears play ball --
_tThe Berenstain Bears and the truth.
511 0 _aVoice: Michael Cera.
520 _aBrother Bear helps Boss Bunny learn the true meaning of the Holiday spirit.
521 8 _aNot rated.
521 _aChildrens videorecording;
_bMicromarketing.
538 _aDVD, full screen (1.33:1); Dolby Digital 5.1 surround, Dolby Digital 1.0 mono.
546 _aClosed-captioned.
650 0 _aBerenstain Bears (Fictitious characters)
_vJuvenile films.
_96410527
650 0 _aFamily
_vJuvenile films.
_96474146
650 0 _aHelping behavior
_vJuvenile films.
_95697738
650 0 _aFriendship
_vJuvenile films.
_95675516
650 1 _aFamily
_vDrama.
_95692656
650 1 _aHelping behavior
_vDrama.
_96429737
650 1 _aFriendship
_vDrama.
_95682261
650 0 _aChildren's television programs.
_95752080
655 0 _aFantasy television programs.
_9102697
655 0 _aAction and adventure television programs.
_95676921
655 0 _aFiction television programs.
_95673656
655 0 _aVideo recordings for the hearing impaired.
_95850189
655 0 _aTelevision series.
_95674288
655 7 _aFantasy
_vTelevision series.
_2migfg
_95736933
655 7 _aAdventure
_vTelevision series.
_2migfg
_95729793
655 7 _aChildren's
_vTelevision series.
_2migfg
_96474147
655 7 _aFantasy television programs.
_2gsafd
_9102697
655 7 _aAdventure television programs.
_2gsafd
_9102632
700 1 _aCera, Michael.
_972452
700 1 _aBerenstain, Jan, 1923-
_95850191
700 1 _aBerenstain, Stan, 1923-
_95850192
710 2 _aAgogo Entertainment (Firm)
_95850193
710 2 _aNelvana (Firm)
_91458
710 2 _aSony Pictures Home Entertainment (Firm)
_971947
730 0 _aBerenstain Bears (Television program)
_951535
942 _cDVD
_2ddc
948 _a04/24/2009
_b09/12/2017
_zSirsi
999 _c269986
_d269986